000 00629nam a2200181Ia 4500
008 090124s9999 xx 000 0 und d
082 _b6526
100 _aगोखले म. वि.
245 _a छत्रपतीनी न्याय केला
250 _a1
260 _bअरगडे कुलकर्णी प्रकाशन
_c1974
300 _a23
600 _aगोखले म. वि.
630 _a छत्रपतीनी न्याय केला
700 _aगोखले म. वि.
730 _a छत्रपतीनी न्याय केला
942 _cBOOK
999 _c85040
_d85040